| 000 | 00369nam a2200145Ia 4500 | ||
|---|---|---|---|
| 008 | 150201s2012 xx 000 0 und d | ||
| 082 |
_a617.3 _bM12M |
||
| 100 | _aMALHOTRA , RAJESH | ||
| 245 | _aMASTERING ORTHOPEDIC TECHNIQUES TOTAL HIP ARTHROPLASTY | ||
| 250 | _a1ST | ||
| 260 |
_bJAYPEE _aDELHI _c2012 |
||
| 300 | _a1-642 | ||
| 650 | _aORTHOPEDICS | ||
| 942 |
_2ddc _cBK |
||
| 999 |
_c1678 _d1678 |
||